| 000 | 00896nam a2200169 4500 | ||
|---|---|---|---|
| 020 | _a9789362056863 | ||
| 040 | _cNUST | ||
| 082 | _a006.31,THE | ||
| 100 |
_aTheobald, Oliver _9132730 |
||
| 245 |
_aMachine learning for absolute beginners / _cOliver Theobald |
||
| 250 | _a3rd ed. | ||
| 260 |
_aIndia _bSimon & Schuster _c2021 |
||
| 300 | _a128 p.; | ||
| 505 | _aIntroduction (Page-), What Is Machine Learning? (Page-), Ml Categories (Page-), The Ml Toolbox (Page-), Data Scrubbing (Page-), Setting Up Your Data (Page-), Regression Analysis (Page-), Clustering (Page-), Bias & Variance(Page-), Artificial Neural Networks (Page-), Decision Trees (Page-), Ensemble Modeling (Page-), Building A Model In Python (Page-), Model Optimization(Page-), Further Resources (Page-), Downloading Datasets(Page-), Final Word(Page-). | ||
| 650 | _aMachine Learning | ||
| 942 |
_2ddc _cREF _k006.31,THE |
||
| 999 |
_c615785 _d615785 |
||